Inaugural Class of the Baseball Hall of Fame ⚾️ - Statistics

General Stats
  • This quiz has been taken 43 times
  • The average score is 4 of 5
Answer Stats
Primary Team Position Player % Correct
Yankees Right fielder Babe Ruth
100%
Tigers Center fielder Ty Cobb
94%
Pirates Shortstop Honus Wagner
81%
Senators Pitcher Walter Johnson
72%
Giants Pitcher Christy Mathewson
69%
No matching quizzes found
Score Distribution
Percent of People with Each Score
Percentile by Number Answered
Your Score History
You have not taken this quiz